<?xml version="1.0" encoding="UTF-8"?>
<record
    xmlns:xsi="http://www.w3.org/2001/XMLSchema-instance"
    xsi:schemaLocation="http://www.loc.gov/MARC21/slim http://www.loc.gov/standards/marcxml/schema/MARC21slim.xsd"
    xmlns="http://www.loc.gov/MARC21/slim">

  <leader>00727nam a2200253Ia 4500</leader>
  <controlfield tag="001">20185</controlfield>
  <controlfield tag="003">DO-CoUTE</controlfield>
  <controlfield tag="005">20260204212608.0</controlfield>
  <controlfield tag="008">220104s9999    dr            000 0 spa d</controlfield>
  <datafield tag="020" ind1=" " ind2=" ">
    <subfield code="a">978-958-631-717-7</subfield>
  </datafield>
  <datafield tag="040" ind1=" " ind2=" ">
    <subfield code="a">DO-CoUTE</subfield>
    <subfield code="b">spa</subfield>
    <subfield code="c">DO-CoUTE</subfield>
  </datafield>
  <datafield tag="041" ind1="0" ind2=" ">
    <subfield code="a">spa</subfield>
  </datafield>
  <datafield tag="082" ind1=" " ind2=" ">
    <subfield code="a">415 C235f</subfield>
  </datafield>
  <datafield tag="100" ind1="1" ind2=" ">
    <subfield code="a">Ca&#xF1;&#xF3;n, Ana Luc&#xED;a</subfield>
  </datafield>
  <datafield tag="245" ind1="1" ind2="0">
    <subfield code="a">F&#xF3;netica, Fonolog&#xED;a y Sintaxis / Ana Luc&#xED;a Ca&#xF1;&#xF3;n; Mar&#xED;a Cristina Soler</subfield>
  </datafield>
  <datafield tag="260" ind1=" " ind2=" ">
    <subfield code="a">Bogot&#xE1;, Colombia : USTA</subfield>
  </datafield>
  <datafield tag="300" ind1=" " ind2=" ">
    <subfield code="a">164 p&#xE1;ginas</subfield>
  </datafield>
  <datafield tag="490" ind1=" " ind2=" ">
    <subfield code="a">Universidad Santo Tomas</subfield>
  </datafield>
  <datafield tag="650" ind1=" " ind2="4">
    <subfield code="a">Alfabeto F&#xF3;netico-entonaci&#xF3;n</subfield>
  </datafield>
  <datafield tag="700" ind1="1" ind2=" ">
    <subfield code="a">Soler, Mar&#xED;a Cristina</subfield>
  </datafield>
  <datafield tag="942" ind1=" " ind2=" ">
    <subfield code="2">ddc</subfield>
    <subfield code="c">BK</subfield>
  </datafield>
  <datafield tag="999" ind1=" " ind2=" ">
    <subfield code="c">21008</subfield>
    <subfield code="d">21008</subfield>
  </datafield>
  <datafield tag="952" ind1=" " ind2=" ">
    <subfield code="0">0</subfield>
    <subfield code="1">0</subfield>
    <subfield code="2">ddc</subfield>
    <subfield code="4">0</subfield>
    <subfield code="7">0</subfield>
    <subfield code="8">CG</subfield>
    <subfield code="a">BU</subfield>
    <subfield code="b">BU</subfield>
    <subfield code="d">2021-01-02</subfield>
    <subfield code="i">019909</subfield>
    <subfield code="l">0</subfield>
    <subfield code="o">415 C235f</subfield>
    <subfield code="p">019909</subfield>
    <subfield code="r">2022-03-30 00:00:00</subfield>
    <subfield code="t">Ej.1</subfield>
    <subfield code="w">2021-01-03</subfield>
    <subfield code="y">BK</subfield>
  </datafield>
</record>
